[Event "MP do lat 16 - dziewczeta"]
[Site "Sypniewo"]
[Date "2022.03.22"]
[Round "4.16"]
[White "Trybus, Dominika"]
[Black "Zalewska, Malgorzata"]
[Result "0-1"]
[BlackElo "1338"]
[WhiteElo "1534"]
[LiveChessVersion "1.4.8"]

1. e4 {[%clk 1:30:59]} c5 {[%clk 1:30:57]} 2. c3 {[%clk 1:31:22]} Nf6
{[%clk 1:31:20]} 3. e5 {[%clk 1:31:48]} Nd5 {[%clk 1:31:45]} 4. d4
{[%clk 1:32:11]} cxd4 {[%clk 1:32:07]} 5. cxd4 {[%clk 1:32:33]} e6
{[%clk 1:32:09]} 6. Nf3 {[%clk 1:32:19]} d6 {[%clk 1:32:31]} 7. Nc3
{[%clk 1:31:41]} Bd7 {[%clk 1:30:14]} 8. Nxd5 {[%clk 1:28:23]} exd5
{[%clk 1:30:37]} 9. Bd3 {[%clk 1:28:44]} Nc6 {[%clk 1:30:18]} 10. O-O
{[%clk 1:28:38]} Be7 {[%clk 1:30:17]} 11. Bf4 {[%clk 1:24:14]} dxe5
{[%clk 1:30:34]} 12. dxe5 {[%clk 1:23:27]} O-O {[%clk 1:30:34]} 13. Bc2
{[%clk 1:18:20]} Nb4 {[%clk 1:29:20]} 14. Bb3 {[%clk 1:17:24]} Be6
{[%clk 1:29:29]} 15. Nd4 {[%clk 1:13:58]} a6 {[%clk 1:28:20]} 16. Be3
{[%clk 1:11:20]} Nc6 {[%clk 1:25:27]} 17. Qd3 {[%clk 1:00:39]} Nxe5
{[%clk 1:23:17]} 18. Qe2 {[%clk 1:00:50]} Ng6 {[%clk 1:21:51]} 19. Nxe6
{[%clk 1:00:09]} fxe6 {[%clk 1:22:10]} 20. Rad1 {[%clk 0:57:11]} Bd6
{[%clk 1:15:39]} 21. Qg4 {[%clk 0:49:58]} Qf6 {[%clk 1:13:46]} 22. Rfe1
{[%clk 0:44:29]} Rae8 {[%clk 1:07:56]} 23. Bd4 {[%clk 0:36:06]} Qf7
{[%clk 1:06:17]} 24. Rd3 {[%clk 0:31:59]} Ne5 {[%clk 1:02:20]} 25. Rxe5
{[%clk 0:26:55]} Bxe5 {[%clk 1:02:32]} 26. Bc5 {[%clk 0:26:03]} Qf4
{[%clk 1:01:06]} 27. Qh5 {[%clk 0:23:13]} Qc1+ {[%clk 1:01:22]} 28. Rd1
{[%clk 0:23:04]} Qxc5 {[%clk 1:01:44]} 0-1

[Event "MP do lat 16 - dziewczeta"]
[Site "Sypniewo"]
[Date "2022.03.22"]
[Round "4.17"]
[White "Walendykiewicz, Martyna"]
[Black "Labedz, Gabriela"]
[Result "1/2-1/2"]
[BlackElo "1404"]
[WhiteElo "1224"]
[LiveChessVersion "1.4.8"]

1. e4 {[%clk 1:30:57]} c5 {[%clk 1:30:54]} 2. Nf3 {[%clk 1:31:22]} g6
{[%clk 1:31:13]} 3. d4 {[%clk 1:31:45]} cxd4 {[%clk 1:31:30]} 4. Nxd4
{[%clk 1:32:05]} Nc6 {[%clk 1:31:34]} 5. Be3 {[%clk 1:31:46]} Bg7
{[%clk 1:31:20]} 6. Nc3 {[%clk 1:31:12]} Nf6 {[%clk 1:30:26]} 7. Bc4
{[%clk 1:27:31]} Qa5 {[%clk 1:29:12]} 8. Nxc6 {[%clk 1:25:21]} bxc6
{[%clk 1:24:42]} 9. O-O {[%clk 1:23:43]} Qb4 {[%clk 1:18:20]} 10. Bb3
{[%clk 1:17:22]} O-O {[%clk 1:12:20]} 11. a3 {[%clk 1:12:45]} Qb8
{[%clk 1:06:57]} 12. Qf3 {[%clk 1:09:53]} Nh5 {[%clk 0:55:33]} 13. Bg5
{[%clk 1:07:21]} e6 {[%clk 0:49:29]} 14. Bd2 {[%clk 0:59:52]} Be5
{[%clk 0:42:07]} 15. g3 {[%clk 0:56:54]} Bb7 {[%clk 0:36:40]} 16. Bh6
{[%clk 0:56:02]} Bg7 {[%clk 0:34:41]} 17. Bxg7 {[%clk 0:50:12]} Kxg7
{[%clk 0:33:53]} 18. Rfd1 {[%clk 0:49:25]} d5 {[%clk 0:26:56]} 19. Na4
{[%clk 0:43:09]} Nf6 {[%clk 0:22:13]} 20. Nc5 {[%clk 0:41:20]} dxe4
{[%clk 0:19:40]} 21. Nxe4 {[%clk 0:41:14]} Nxe4 {[%clk 0:18:51]} 22. Qxe4
{[%clk 0:41:39]} c5 {[%clk 0:17:06]} 23. Qf4 {[%clk 0:39:33]} Qxf4
{[%clk 0:14:38]} 24. gxf4 {[%clk 0:40:01]} Rfd8 {[%clk 0:13:38]} 25. h3
{[%clk 0:39:19]} Kf6 {[%clk 0:11:46]} 26. Kh2 {[%clk 0:39:21]} Kf5
{[%clk 0:10:55]} 27. Kg3 {[%clk 0:39:38]} h5 {[%clk 0:09:29]} 28. h4
{[%clk 0:39:58]} Ba6 {[%clk 0:06:18]} 29. Rac1 {[%clk 0:37:50]} Be2
{[%clk 0:05:39]} 30. Re1 {[%clk 0:36:44]} Rd2 {[%clk 0:05:14]} 31. f3
{[%clk 0:35:48]} Rad8 {[%clk 0:04:52]} 32. Ba4 {[%clk 0:34:48]} R8d4
{[%clk 0:02:58]} 33. Bc6 {[%clk 0:34:55]} Rxf4 {[%clk 0:02:16]} 34. Be4+
{[%clk 0:35:15]} Ke5 {[%clk 0:02:32]} 35. Kf2 {[%clk 0:34:49]} f5
{[%clk 0:00:57]} 36. Bb7 {[%clk 0:35:00]} Rxh4 {[%clk 0:00:34]} 37. Rxe2+
{[%clk 0:35:19]} Rxe2+ {[%clk 0:00:59]} 38. Kxe2 {[%clk 0:35:47]} Kf4
{[%clk 0:01:04]} 39. Kf2 {[%clk 0:35:08]} Rh2+ {[%clk 0:01:04]} 40. Kg1
{[%clk 1:05:32]} Kg3 {[%clk 0:31:07]} 41. f4 {[%clk 1:04:03]} h4 {[%clk 0:29:29]}
42. b4 {[%clk 1:03:14]} cxb4 {[%clk 0:28:55]} 43. axb4 {[%clk 1:03:40]} h3
{[%clk 0:28:19]} 44. c4 {[%clk 1:03:50]} Rd2 {[%clk 0:22:49]} 45. Rf1
{[%clk 0:56:59]} Rb2 {[%clk 0:20:08]} 46. c5 {[%clk 0:56:08]} Rxb4
{[%clk 0:19:23]} 47. c6 {[%clk 0:56:22]} Rc4 {[%clk 0:19:28]} 48. Ba8
{[%clk 0:55:02]} Rc2 {[%clk 0:17:07]} 49. Bb7 {[%clk 0:54:42]} a5
{[%clk 0:16:05]} 50. Kh1 {[%clk 0:52:44]} h2 {[%clk 0:12:31]} 51. Ra1
{[%clk 0:51:00]} Rc3 {[%clk 0:11:12]} 52. Rf1 {[%clk 0:51:00]} a4
{[%clk 0:10:30]} 53. Ra1 {[%clk 0:50:48]} a3 {[%clk 0:08:17]} 54. c7
{[%clk 0:49:13]} Rxc7 {[%clk 0:07:57]} 55. Rxa3+ {[%clk 0:49:39]} Kxf4
{[%clk 0:07:38]} 56. Bg2 {[%clk 0:50:03]} Rh7 {[%clk 0:06:57]} 57. Rf3+
{[%clk 0:50:02]} Kg4 {[%clk 0:06:18]} 58. Re3 {[%clk 0:50:09]} f4
{[%clk 0:04:41]} 59. Rxe6 {[%clk 0:50:25]} g5 {[%clk 0:04:47]} 60. Rb6
{[%clk 0:49:45]} f3 {[%clk 0:04:41]} 61. Rb4+ {[%clk 0:49:58]} Kg3
{[%clk 0:04:59]} 62. Rb3 {[%clk 0:50:05]} g4 {[%clk 0:05:18]} 63. Bxf3
{[%clk 0:49:25]} gxf3 {[%clk 0:03:39]} 64. Rxf3+ {[%clk 0:49:51]} Kxf3
{[%clk 0:04:03]} 1/2-1/2

[Event "MP do lat 16 - dziewczeta"]
[Site "Sypniewo"]
[Date "2022.03.22"]
[Round "4.18"]
[White "Bialek, Alicja"]
[Black "Lach, Alicja"]
[Result "1-0"]
[BlackElo "1327"]
[WhiteElo "1383"]
[LiveChessVersion "1.4.8"]

1. e4 {[%clk 1:30:56]} c5 {[%clk 1:30:58]} 2. Nf3 {[%clk 1:31:16]} g6
{[%clk 1:31:25]} 3. d4 {[%clk 1:31:19]} cxd4 {[%clk 1:31:49]} 4. Qxd4
{[%clk 1:31:30]} Nf6 {[%clk 1:32:15]} 5. Nc3 {[%clk 1:31:31]} Nc6
{[%clk 1:32:08]} 6. Qa4 {[%clk 1:31:16]} d6 {[%clk 1:28:23]} 7. e5
{[%clk 1:31:02]} dxe5 {[%clk 1:20:40]} 8. Nxe5 {[%clk 1:31:07]} Bd7
{[%clk 1:20:52]} 9. Nxd7 {[%clk 1:31:20]} Qxd7 {[%clk 1:21:13]} 10. Be3
{[%clk 1:30:54]} a6 {[%clk 1:18:07]} 11. Rd1 {[%clk 1:30:15]} Qc7
{[%clk 1:17:00]} 12. g3 {[%clk 1:28:00]} b5 {[%clk 1:10:31]} 13. Bxb5
{[%clk 1:20:55]} Rc8 {[%clk 1:04:20]} 14. Qxa6 {[%clk 1:15:38]} Bg7
{[%clk 1:01:17]} 15. Bxc6+ {[%clk 1:08:22]} Qxc6 {[%clk 1:01:36]} 16. Qxc6+
{[%clk 1:08:49]} Rxc6 {[%clk 1:02:02]} 17. O-O {[%clk 1:08:52]} O-O
{[%clk 1:02:25]} 18. Bd4 {[%clk 1:05:47]} Rb8 {[%clk 1:01:03]} 19. Rb1
{[%clk 1:04:39]} Rb4 {[%clk 0:53:42]} 20. Rfd1 {[%clk 1:04:02]} Rcc4
{[%clk 0:49:08]} 21. Ne2 {[%clk 0:58:41]} Rxc2 {[%clk 0:46:21]} 22. Bc3
{[%clk 0:58:30]} Rc4 {[%clk 0:39:29]} 23. Rd8+ {[%clk 0:57:25]} Bf8
{[%clk 0:39:33]} 24. Nd4 {[%clk 0:57:40]} R2xc3 {[%clk 0:39:36]} 25. bxc3
{[%clk 0:58:03]} Kg7 {[%clk 0:38:15]} 26. Rbb8 {[%clk 0:56:52]} e5
{[%clk 0:37:29]} 27. Rxf8 {[%clk 0:54:59]} exd4 {[%clk 0:37:53]} 28. cxd4
{[%clk 0:54:49]} Nd7 {[%clk 0:38:11]} 29. Rbc8 {[%clk 0:50:49]} Ra4
{[%clk 0:37:45]} 30. Rfd8 {[%clk 0:50:45]} Nb6 {[%clk 0:37:28]} 31. Rb8
{[%clk 0:50:22]} Nc4 {[%clk 0:37:19]} 32. Ra8 {[%clk 0:50:30]} Rb4
{[%clk 0:37:22]} 33. Rdb8 {[%clk 0:50:53]} Rxb8 {[%clk 0:37:41]} 34. Rxb8
{[%clk 0:51:21]} 1-0

[Event "MP do lat 16 - dziewczeta"]
[Site "Sypniewo"]
[Date "2022.03.22"]
[Round "4.19"]
[White "Boguszewska, Julia"]
[Black "Nowak, Zuzanna"]
[Result "1-0"]
[BlackElo "1379"]
[WhiteElo "1034"]
[LiveChessVersion "1.4.8"]

1. d4 {[%clk 1:30:58]} d5 {[%clk 1:30:45]} 2. c4 {[%clk 1:31:21]} e6
{[%clk 1:31:08]} 3. Nc3 {[%clk 1:31:48]} Be7 {[%clk 1:31:22]} 4. cxd5
{[%clk 1:31:14]} exd5 {[%clk 1:31:42]} 5. Nf3 {[%clk 1:31:31]} Nf6
{[%clk 1:32:05]} 6. Bg5 {[%clk 1:26:08]} h6 {[%clk 1:29:44]} 7. Bh4
{[%clk 1:26:08]} O-O {[%clk 1:29:24]} 8. e3 {[%clk 1:25:50]} c6 {[%clk 1:23:32]}
9. h3 {[%clk 1:24:24]} Bf5 {[%clk 1:22:29]} 10. Bd3 {[%clk 1:24:18]} Ne4
{[%clk 1:19:29]} 11. Bxe7 {[%clk 1:16:01]} Qxe7 {[%clk 1:19:58]} 12. Qc2
{[%clk 1:15:13]} Re8 {[%clk 1:18:21]} 13. Bxe4 {[%clk 1:11:44]} Bxe4
{[%clk 1:14:09]} 14. Nxe4 {[%clk 1:12:05]} dxe4 {[%clk 1:14:38]} 15. Nd2
{[%clk 1:12:13]} Nd7 {[%clk 1:14:19]} 16. O-O-O {[%clk 1:11:10]} c5
{[%clk 1:11:18]} 17. Kb1 {[%clk 1:10:01]} Rac8 {[%clk 1:04:57]} 18. Qa4
{[%clk 1:07:02]} a6 {[%clk 0:57:50]} 19. g4 {[%clk 1:04:57]} Nb6 {[%clk 0:56:44]}
20. Qa5 {[%clk 1:02:40]} Rc6 {[%clk 0:41:56]} 21. dxc5 {[%clk 1:02:21]} Qxc5
{[%clk 0:37:17]} 22. Qxc5 {[%clk 1:02:21]} Rxc5 23. Nb3 Rc7 {[%clk 0:38:14]} 24.
Rhg1 {[%clk 1:00:32]} Nc4 {[%clk 0:37:08]} 25. g5 {[%clk 0:59:57]} hxg5
{[%clk 0:37:12]} 26. Rxg5 {[%clk 1:00:07]} Ne5 {[%clk 0:37:24]} 27. h4
{[%clk 0:44:33]} f6 {[%clk 0:37:17]} 28. Rg2 {[%clk 0:44:10]} Nd3
{[%clk 0:36:07]} 29. h5 {[%clk 0:40:33]} Rec8 {[%clk 0:32:57]} 30. Rdg1
{[%clk 0:11:07]} a5 {[%clk 0:29:11]} 31. a4 {[%clk 0:08:43]} b5 {[%clk 0:22:10]}
32. axb5 {[%clk 0:07:29]} a4 {[%clk 0:22:39]} 33. Nd4 {[%clk 0:07:04]} Rc1+
{[%clk 0:19:59]} 34. Rxc1 {[%clk 0:06:11]} Rxc1+ {[%clk 0:20:27]} 35. Ka2
{[%clk 0:06:35]} Rc7 {[%clk 0:15:12]} 36. Nf5 {[%clk 0:04:15]} Rb7
{[%clk 0:12:42]} 37. Nd4 {[%clk 0:03:42]} Ne5 {[%clk 0:11:00]} 38. Ka3
{[%clk 0:03:14]} Nc4+ {[%clk 0:08:47]} 39. Kxa4 {[%clk 0:02:20]} Nxb2+
{[%clk 0:09:14]} 40. Kb4 {[%clk 0:31:27]} Nd3+ {[%clk 0:34:12]} 41. Ka5
{[%clk 0:27:20]} Kh7 {[%clk 0:31:22]} 42. Ne6 {[%clk 0:24:01]} Re7
{[%clk 0:27:57]} 43. Nf4 {[%clk 0:20:40]} Ne5 {[%clk 0:21:27]} 44. Rg1
{[%clk 0:17:00]} Nc4+ {[%clk 0:20:16]} 45. Ka6 {[%clk 0:15:32]} Rd7
{[%clk 0:14:30]} 46. Rb1 {[%clk 0:13:21]} Rd2 {[%clk 0:10:07]} 47. b6
{[%clk 0:10:05]} Ra2+ {[%clk 0:10:32]} 48. Kb7 {[%clk 0:09:49]} Rxf2
{[%clk 0:07:07]} 49. Kc7 {[%clk 0:08:40]} Na5 {[%clk 0:06:00]} 50. b7
{[%clk 0:07:38]} Rc2+ {[%clk 0:03:52]} 51. Kd7 {[%clk 0:06:34]} Nxb7
{[%clk 0:03:12]} 52. Rxb7 {[%clk 0:06:55]} Rc3 {[%clk 0:03:41]} 53. Nd5
{[%clk 0:05:55]} Rd3 {[%clk 0:04:07]} 54. Ke6 {[%clk 0:06:11]} Kh6
{[%clk 0:04:13]} 55. Rd7 {[%clk 0:05:13]} Ra3 {[%clk 0:03:50]} 56. Kf5
{[%clk 0:03:52]} Ra4 {[%clk 0:03:07]} 57. Rd8 {[%clk 0:03:39]} Kh7
{[%clk 0:03:25]} 58. Re8 {[%clk 0:02:58]} Ra5 {[%clk 0:03:22]} 59. Kxe4
{[%clk 0:02:48]} f5+ {[%clk 0:02:57]} 60. Ke5 {[%clk 0:02:37]} f4
{[%clk 0:03:02]} 61. exf4 {[%clk 0:02:17]} 1-0

[Event "MP do lat 16 - dziewczeta"]
[Site "Sypniewo"]
[Date "2022.03.22"]
[Round "4.20"]
[White "Idzior, Izabela"]
[Black "Kaznowska, Kinga"]
[Result "1-0"]
[BlackElo "1239"]
[WhiteElo "1369"]
[LiveChessVersion "1.4.8"]

1. e4 {[%clk 1:30:58]} d5 {[%clk 1:30:57]} 2. exd5 {[%clk 1:31:22]} Qxd5
{[%clk 1:31:23]} 3. Nc3 {[%clk 1:31:46]} Qe5+ {[%clk 1:31:49]} 4. Be2
{[%clk 1:32:05]} c6 {[%clk 1:32:14]} 5. d4 {[%clk 1:32:05]} Qc7 {[%clk 1:32:39]}
6. Nf3 {[%clk 1:32:21]} Bf5 {[%clk 1:33:02]} 7. Nh4 {[%clk 1:31:37]} Bg6
{[%clk 1:33:14]} 8. O-O {[%clk 1:31:31]} e6 {[%clk 1:33:30]} 9. Nxg6
{[%clk 1:31:19]} hxg6 {[%clk 1:33:54]} 10. h3 {[%clk 1:31:28]} Bd6
{[%clk 1:33:58]} 11. Re1 {[%clk 1:28:58]} Nf6 {[%clk 1:34:11]} 12. Bc4
{[%clk 1:22:19]} Nbd7 {[%clk 1:33:15]} 13. d5 {[%clk 1:15:27]} Nb6
{[%clk 1:32:58]} 14. Bb3 {[%clk 1:04:54]} O-O-O {[%clk 1:33:07]} 15. Be3
{[%clk 0:59:22]} Nfxd5 {[%clk 1:31:22]} 16. Bxd5 {[%clk 0:58:41]} Nxd5
{[%clk 1:31:36]} 17. Nxd5 {[%clk 0:57:16]} Bh2+ {[%clk 1:31:26]} 18. Kh1
{[%clk 0:55:51]} Rxd5 {[%clk 1:31:49]} 19. Qg4 {[%clk 0:54:02]} Be5
{[%clk 1:31:50]} 20. Rab1 {[%clk 0:50:27]} Bf6 {[%clk 1:31:26]} 21. Qe2
{[%clk 0:43:12]} Rdh5 {[%clk 1:31:01]} 22. Qf3 {[%clk 0:38:43]} g5
{[%clk 1:30:08]} 23. b4 {[%clk 0:35:58]} b6 {[%clk 1:29:08]} 24. c4
{[%clk 0:34:43]} Rh4 {[%clk 1:28:46]} 25. b5 {[%clk 0:29:56]} c5 {[%clk 1:27:55]}
26. Qa8+ {[%clk 0:23:39]} Kd7 {[%clk 1:28:09]} 27. Red1+ {[%clk 0:22:15]} Ke7
{[%clk 1:28:34]} 28. Qc6 {[%clk 0:16:59]} Rc8 {[%clk 1:28:01]} 29. Qxc7+
{[%clk 0:14:03]} Rxc7 {[%clk 1:27:45]} 30. Rbc1 {[%clk 0:13:01]} g4
{[%clk 1:28:05]} 31. Bf4 {[%clk 0:12:24]} e5 {[%clk 1:27:11]} 32. Bg3
{[%clk 0:12:24]} Rh5 {[%clk 1:27:28]} 33. Kh2 {[%clk 0:11:38]} gxh3
{[%clk 1:27:13]} 34. gxh3 {[%clk 0:11:59]} Rc8 {[%clk 1:26:56]} 35. Kg2
{[%clk 0:10:02]} Bh4 {[%clk 1:16:20]} 36. Rd5 {[%clk 0:05:55]} Bxg3
{[%clk 1:14:51]} 37. fxg3 {[%clk 0:06:20]} Rd8 {[%clk 1:15:10]} 38. Rcd1
{[%clk 0:05:31]} Rxd5 {[%clk 1:15:34]} 39. Rxd5 {[%clk 0:04:56]} f6
{[%clk 1:15:50]} 40. a4 {[%clk 0:35:09]} Rh8 {[%clk 1:46:13]} 41. Rd2
{[%clk 0:31:54]} Rd8 {[%clk 1:46:33]} 42. Ra2 {[%clk 0:31:50]} Rd3
{[%clk 1:46:50]} 43. a5 {[%clk 0:31:24]} bxa5 {[%clk 1:42:38]} 44. Rxa5
{[%clk 0:31:37]} Rd7 {[%clk 1:42:58]} 45. g4 {[%clk 0:31:08]} Kf7
{[%clk 1:41:56]} 46. Ra6 {[%clk 0:31:08]} Kg6 {[%clk 1:42:19]} 47. Rc6
{[%clk 0:31:08]} Kg5 {[%clk 1:41:15]} 48. Rxc5 {[%clk 0:27:55]} Kf4
{[%clk 1:41:38]} 49. Rc8 {[%clk 0:15:52]} Ke4 {[%clk 1:39:52]} 50. c5
{[%clk 0:14:37]} Kd5 {[%clk 1:39:46]} 51. c6 {[%clk 0:10:55]} Re7
{[%clk 1:39:48]} 52. Rb8 {[%clk 0:07:39]} Kd6 {[%clk 1:39:24]} 53. Rc8
{[%clk 0:07:09]} Kc5 {[%clk 1:37:34]} 54. Rb8 {[%clk 0:06:56]} Kd6
{[%clk 1:35:51]} 55. Rd8+ {[%clk 0:05:11]} Kc5 {[%clk 1:32:35]} 56. Rd7
{[%clk 0:05:11]} Re8 {[%clk 1:32:19]} 57. c7 {[%clk 0:01:48]} Rc8
{[%clk 1:32:34]} 58. Rxg7 {[%clk 0:01:53]} Kxb5 {[%clk 1:32:40]} 59. Rd7
{[%clk 0:01:44]} a5 {[%clk 1:32:04]} 60. h4 {[%clk 0:00:57]} a4 {[%clk 1:32:25]}
61. Rd1 {[%clk 0:00:37]} Rxc7 {[%clk 1:32:44]} 62. Rb1+ {[%clk 0:01:00]} Kc5
{[%clk 1:29:57]} 63. Rc1+ {[%clk 0:00:50]} Kd6 {[%clk 1:30:22]} 64. Rxc7
{[%clk 0:00:40]} Kxc7 {[%clk 1:30:49]} 65. h5 {[%clk 0:01:03]} a3
{[%clk 1:31:15]} 66. h6 {[%clk 0:01:22]} a2 {[%clk 1:31:43]} 67. h7
{[%clk 0:01:42]} a1=Q {[%clk 1:32:08]} 68. h8=Q Qb2+ {[%clk 1:32:23]} 69. Kf3
{[%clk 0:01:41]} Qc3+ {[%clk 1:32:21]} 70. Ke2 {[%clk 0:00:59]} Qc4+
{[%clk 1:32:19]} 71. Ke3 {[%clk 0:00:43]} Qf4+ {[%clk 1:32:41]} 72. Kd3
{[%clk 0:01:01]} Qd4+ {[%clk 1:20:46]} 73. Kc2 {[%clk 0:01:19]} Qd8
{[%clk 1:21:01]} 74. Qh7+ {[%clk 0:01:12]} Kd6 {[%clk 1:21:21]} 75. Qd3+
{[%clk 0:01:02]} Kc7 {[%clk 1:21:12]} 76. Qc4+ {[%clk 0:01:04]} Kd7
{[%clk 1:20:49]} 77. Qd3+ {[%clk 0:00:49]} Ke7 {[%clk 1:20:58]} 78. Qh7+
{[%clk 0:00:52]} Kd6 {[%clk 1:21:01]} 79. Qd3+ {[%clk 0:01:12]} Kc7
{[%clk 1:21:26]} 80. Qc4+ {[%clk 0:01:27]} Kb7 {[%clk 1:20:46]} 81. Qe4+
{[%clk 0:01:08]} Ka6 {[%clk 1:20:12]} 82. Qc4+ {[%clk 0:00:54]} Kb6
{[%clk 1:18:43]} 83. Qb4+ {[%clk 0:01:14]} Kc6 {[%clk 1:18:39]} 84. Qc4+
{[%clk 0:01:20]} Kb7 {[%clk 1:18:24]} 85. Qe4+ {[%clk 0:01:17]} Kb8
{[%clk 1:17:14]} 86. Qb4+ {[%clk 0:01:31]} Kc8 {[%clk 1:17:31]} 87. Qb3
{[%clk 0:00:35]} Qc7+ {[%clk 1:17:42]} 88. Kd3 {[%clk 0:00:32]} Qd6+
{[%clk 1:17:58]} 89. Ke4 {[%clk 0:00:43]} Qd7 {[%clk 1:11:00]} 90. Qc4+
{[%clk 0:00:39]} Kd8 {[%clk 1:11:01]} 91. Qg8+ {[%clk 0:00:59]} Kc7
{[%clk 1:11:14]} 92. Qc4+ {[%clk 0:00:43]} Kd6 {[%clk 1:08:03]} 93. Qa6+
{[%clk 0:00:40]} Ke7 {[%clk 1:08:19]} 94. Qa3+ {[%clk 0:01:00]} Kf7
{[%clk 1:08:24]} 95. Qb3+ {[%clk 0:00:57]} Qe6 {[%clk 1:07:44]} 96. Qb7+
{[%clk 0:00:57]} Kg6 {[%clk 1:08:04]} 97. Kf3 {[%clk 0:01:10]} Kg5
{[%clk 1:07:35]} 98. Qg7+ {[%clk 0:01:24]} Kh4 {[%clk 1:07:16]} 99. Qh6#
{[%clk 0:01:45]} 1-0

[Event "MP do lat 16 - dziewczeta"]
[Site "Sypniewo"]
[Date "2022.03.22"]
[Round "4.21"]
[White "Romejko, Jagoda"]
[Black "Gornisiewicz, Natalia"]
[Result "0-1"]
[BlackElo "1485"]
[WhiteElo "1361"]
[LiveChessVersion "1.4.8"]

1. e4 {[%clk 1:30:57]} e5 {[%clk 1:30:54]} 2. Nf3 {[%clk 1:31:24]} Nc6
{[%clk 1:31:17]} 3. d4 {[%clk 1:31:51]} exd4 {[%clk 1:31:38]} 4. Nxd4
{[%clk 1:32:17]} g6 {[%clk 1:31:44]} 5. Nc3 {[%clk 1:32:36]} Bg7 {[%clk 1:32:01]}
6. Be3 {[%clk 1:32:58]} d6 {[%clk 1:31:56]} 7. Be2 {[%clk 1:32:53]} Nf6
{[%clk 1:32:07]} 8. f3 {[%clk 1:27:59]} Nxd4 {[%clk 1:30:16]} 9. Bxd4
{[%clk 1:28:08]} Be6 {[%clk 1:28:59]} 10. Qd2 {[%clk 1:26:20]} a6
{[%clk 1:27:15]} 11. Rd1 {[%clk 1:09:39]} b5 {[%clk 1:20:39]} 12. O-O
{[%clk 1:07:55]} O-O {[%clk 1:19:16]} 13. a3 {[%clk 1:07:11]} c5 {[%clk 1:08:53]}
14. Bf2 {[%clk 1:03:11]} Ne8 {[%clk 1:08:07]} 15. Bxc5 {[%clk 0:53:29]} Kh8
{[%clk 0:50:10]} 16. Kh1 {[%clk 0:49:12]} Qh4 {[%clk 0:40:05]} 17. Bxd6
{[%clk 0:45:09]} Rd8 {[%clk 0:38:59]} 18. Qf4 {[%clk 0:44:26]} Qxf4
{[%clk 0:35:10]} 19. Bxf4 {[%clk 0:44:47]} Rc8 {[%clk 0:35:17]} 20. Rd2
{[%clk 0:38:19]} Kg8 {[%clk 0:34:38]} 21. Nd1 {[%clk 0:30:15]} Nf6
{[%clk 0:33:25]} 22. c3 {[%clk 0:23:00]} Rfe8 {[%clk 0:27:23]} 23. Nf2
{[%clk 0:20:41]} Nd7 {[%clk 0:26:41]} 24. Nd3 {[%clk 0:18:29]} Nb6
{[%clk 0:25:42]} 25. Nb4 {[%clk 0:14:14]} Ra8 {[%clk 0:22:54]} 26. Kg1
{[%clk 0:05:11]} Bf8 {[%clk 0:21:01]} 27. Bg3 {[%clk 0:04:14]} Na4
{[%clk 0:13:17]} 28. Re1 {[%clk 0:01:30]} Bxb4 {[%clk 0:11:45]} 29. axb4
{[%clk 0:01:18]} h6 {[%clk 0:08:55]} 30. Bf1 {[%clk 0:01:05]} Kh7
{[%clk 0:07:56]} 31. Bf2 {[%clk 0:00:58]} Bb3 {[%clk 0:06:12]} 32. Re3
{[%clk 0:00:58]} Nb6 {[%clk 0:05:37]} 33. Re1 {[%clk 0:00:36]} Na4
{[%clk 0:05:18]} 34. Re3 {[%clk 0:00:59]} Red8 {[%clk 0:04:06]} 35. Ree2
{[%clk 0:00:35]} Bc4 {[%clk 0:02:45]} 36. Rxd8 {[%clk 0:00:53]} Rxd8
{[%clk 0:02:56]} 37. Rc2 {[%clk 0:01:17]} Rd1 {[%clk 0:03:10]} 38. h3
{[%clk 0:00:39]} Bxf1 {[%clk 0:02:49]} 39. Kh2 {[%clk 0:00:36]} Bd3
{[%clk 0:03:11]} 40. b3 {[%clk 0:30:51]} Bxc2 {[%clk 0:33:30]} 41. Kg3
{[%clk 0:30:29]} Nxc3 {[%clk 0:33:46]} 42. Kg4 {[%clk 0:30:40]} Bxb3
{[%clk 0:33:43]} 43. e5 {[%clk 0:30:59]} Be6+ {[%clk 0:33:41]} 44. Kg3
{[%clk 0:31:11]} Nd5 {[%clk 0:33:36]} 45. Bc5 {[%clk 0:31:32]} Rb1
{[%clk 0:33:51]} 46. h4 {[%clk 0:31:43]} Nxb4 {[%clk 0:34:08]} 47. Bd6
{[%clk 0:31:59]} Nd3 {[%clk 0:34:24]} 48. f4 {[%clk 0:32:18]} b4 {[%clk 0:34:35]}
49. Kf3 {[%clk 0:32:41]} b3 {[%clk 0:34:52]} 50. g4 {[%clk 0:32:39]} b2
{[%clk 0:34:58]} 51. Ba3 {[%clk 0:33:01]} Rf1+ {[%clk 0:35:18]} 52. Ke3
{[%clk 0:33:27]} b1=Q {[%clk 0:35:22]} 0-1

[Event "MP do lat 16 - dziewczeta"]
[Site "Sypniewo"]
[Date "2022.03.22"]
[Round "4.22"]
[White "Pieczewska, Jadwiga"]
[Black "Reszka, Barbara"]
[Result "0-1"]
[BlackElo "1156"]
[WhiteElo "1234"]
[LiveChessVersion "1.4.8"]

1. c4 {[%clk 1:30:58]} e6 {[%clk 1:30:47]} 2. Nf3 {[%clk 1:30:31]} d5
{[%clk 1:30:15]} 3. g3 {[%clk 1:29:34]} c5 {[%clk 1:28:45]} 4. Bg2
{[%clk 1:25:59]} Nc6 {[%clk 1:27:49]} 5. b3 {[%clk 1:24:06]} d4 {[%clk 1:25:41]}
6. d3 {[%clk 1:14:38]} Bd6 {[%clk 1:24:25]} 7. e3 {[%clk 1:12:08]} e5
{[%clk 1:23:22]} 8. O-O {[%clk 1:07:14]} Nge7 {[%clk 1:20:29]} 9. Na3
{[%clk 1:01:35]} O-O {[%clk 1:17:40]} 10. Nc2 {[%clk 0:58:06]} Ng6
{[%clk 1:17:00]} 11. a3 {[%clk 0:56:30]} a5 {[%clk 1:16:52]} 12. Rb1
{[%clk 0:56:18]} f5 {[%clk 1:11:15]} 13. Bd2 {[%clk 0:39:24]} h6 {[%clk 1:07:23]}
14. b4 {[%clk 0:38:00]} e4 {[%clk 0:55:23]} 15. Nfe1 {[%clk 0:35:04]} dxe3
{[%clk 0:54:23]} 16. Bxe3 {[%clk 0:34:49]} cxb4 {[%clk 0:52:02]} 17. axb4
{[%clk 0:34:50]} Nxb4 {[%clk 0:50:11]} 18. dxe4 {[%clk 0:34:32]} Qc7
{[%clk 0:47:07]} 19. Nxb4 {[%clk 0:32:23]} Bxb4 {[%clk 0:44:58]} 20. Qc2
{[%clk 0:23:32]} Be6 {[%clk 0:38:58]} 21. c5 {[%clk 0:21:51]} Bxe1
{[%clk 0:27:53]} 22. Rfxe1 {[%clk 0:22:09]} f4 {[%clk 0:27:06]} 23. Bd4
{[%clk 0:16:53]} f3 {[%clk 0:26:25]} 24. Bf1 {[%clk 0:16:45]} Rab8
{[%clk 0:22:02]} 25. Rb6 {[%clk 0:14:56]} Bf7 {[%clk 0:19:17]} 26. Qc3
{[%clk 0:14:04]} Be8 {[%clk 0:19:10]} 27. Qxa5 {[%clk 0:13:55]} Bc6
{[%clk 0:18:20]} 28. Qc3 {[%clk 0:13:08]} Rbe8 {[%clk 0:16:46]} 29. Qc2
{[%clk 0:09:44]} Ne5 {[%clk 0:16:07]} 30. Bxe5 {[%clk 0:09:04]} Qxe5
{[%clk 0:16:02]} 31. Rb4 {[%clk 0:09:09]} Rc8 {[%clk 0:14:46]} 32. Re3
{[%clk 0:08:03]} Rf6 {[%clk 0:13:30]} 33. Qc4+ {[%clk 0:05:00]} Kh8
{[%clk 0:13:04]} 34. Rbb3 {[%clk 0:05:06]} Rcf8 {[%clk 0:12:01]} 35. Qc3
{[%clk 0:04:59]} Qh5 {[%clk 0:10:20]} 36. Rb4 {[%clk 0:03:31]} Re6
{[%clk 0:09:34]} 37. Rd4 {[%clk 0:03:29]} Re5 {[%clk 0:09:26]} 38. Rc4
{[%clk 0:02:46]} Bb5 {[%clk 0:09:15]} 39. Rb4 {[%clk 0:02:42]} Bxf1
{[%clk 0:09:27]} 40. Kxf1 {[%clk 0:33:09]} Rxc5 {[%clk 0:39:37]} 41. Qa3
{[%clk 0:21:08]} Qxh2 {[%clk 0:39:11]} 42. Ke1 {[%clk 0:21:30]} Qg1+
{[%clk 0:39:26]} 43. Kd2 {[%clk 0:21:52]} Qxf2+ {[%clk 0:39:33]} 44. Kd3
{[%clk 0:22:13]} Rd8+ {[%clk 0:39:41]} 45. Rd4 {[%clk 0:22:06]} Qc2#
{[%clk 0:39:59]} 0-1